000
00250nam a2200121Ia 4500
100
_a
Goroshkin/A.K
942
_c
BK
245
_a
Jigs and fixtures handbook
260
_b
Mir publishers
082
_a
621.992
_b
GOR
546
_a
ENGLISH
999
_c
34833
_d
34833